1922 1268 1664 1519 1060 1918 1487 1591 1938 1738 1221 1259 1087 1539 1206 1858 1844 1359 1021 1801 1072 1230 1890 1669 1005 1163 1274 1127 1484 1104 1457 1820 1088 1809 1056 1191 1327 1687 1243 1042 1763 1475 1630 1399 1269 1805 1465 1026 1804 1663 1444 1988 1276 1988 1030 1768 1237 1830 1846 1981 1732 1841 1411 1749 1702 1073 1266 1918 1735 1062 1936 1559 1072 1039 1618 1032 1806 1545 1740 1430 1707 1587 1565 1516 1409 1065 1408 1517 1012 1399 1576 1980 1305 1598 1819 1486 1532 1498 1577 BCNSPRNW ULIB Ver.6.0+V

เปลี่ยนเป็นภาษาไทย

Change to English
 แสดงรายละเอียดบรรณานุกรม
  กลับหน้าหลัก

Brief Record : Get Marc (ISO 2709) : E-mail record : QR code < ปิดหน้าต่าง
LEADER : 00000nam 2200000uu 4500
001    13399112140
003     ULIB
008    110627s2549||||th 000 0 tha d
020    9789749476433
090    นว.^bร387ล 2549
100 0  รัมย์
245 00 ลิขิตหัวใจในสวนรัก/^cรัมย์
250    พิมพ์ครั้งที่ 1
260    กรุงเทพฯ :^b1168 พับลิชชิ่ง,^c2549
300    364 หน้า
710 1  1168 พับลิชชิ่ง
945    ^p219^l0^i020305
995    ทศพร
999 ^a ใช้งานได้ทุกระบบ
รายการนี้ยังไม่มีแท็ก
คุณยังไม่ได้ล็อกอิน คุณสามารถมีกิจกรรมร่วมกับเว็บไซต์ได้ แต่ต้องล็อกอินก่อน ::
  ล็อกอิน

รายการสื่อสารสนเทศ

ลำดับที่ ประเภท เลขเรียก/บาร์โค้ด สถานที่ สถานะ
- ไม่พบข้อมูล -

รายการใกล้เคียง
    ผู้แต่ง [รัมย์]

BibComment


ยังไม่เคยถูกคอมเมนท์

คอมเมนท์ทรัพยากรรายการนี้
  คอมเมนท์: ลิขิตหัวใจในสวนรั..


 Copyright 2026. Bcnsprnw @Library